Villes de Dordogne en images - Statistiques

Statistiques générales
  • Ce quiz a été pris 118 fois
  • Le résultat moyen est 9 sur 18
Statistiques - réponses
Par images Hint Réponse % Correct
P- Périgueux
100%
S- Sarlat-la-Canéda
90%
B- Bergerac
88%
M- Montignac-Lascaux
67%
B- Boulazac
59%
(L) R- La Roque-Gageac
59%
N- Nontron
59%
C- Castelnaud-la-Chapelle
52%
M- Monbazillac
52%
B- Beynac-et-Cazenac
51%
D- Domme
38%
(L) B- Le Bugue
35%
(L) Les Eyzies
32%
R- Ribérac
23%
M- Monpazier
16%
T- Trélissac
15%
L- Limeuil
13%
S- Saint-Léon-sur-Vézère
8%
Aucun quiz correspondant
Distribution des résultats
% des personnes avec chaque résultat
Percentile par nombre de réponses
Votre historique - résultats
Vous n’avez pas pris ce quiz